000 00822nas a2200277 4500
001 BR2013002495
003 BR-BrBNA
005 20231205122127.0
007 ta
008 230509b bl.|||p| |||| 00| 00por d
040 _aBR-BrBNA
_bpor
_cBiblioteca Nacional de Agricultura
041 _a(Pt)
072 _aF30
100 1 _aMaciel, GM.
100 1 _aCosta, C.P.
100 1 _aSala, F.C.
245 1 _aLinhagens de coentro com pendoamento tardio sob dois sistemas de plantio
650 _aCOENTRO
650 _aPENDÃO
650 _aLINHAGEM
650 _aCARACTERÍSTICAS AGRONÔMICAS
650 _aSISTEMA DE PLANTIO
773 0 _tHorticultura Brasileira (Brazil)
_xISSN 0102-0536
_g(Oct-Dec 2012), v. 30(4) p. 607-612
_wBR2013002495
909 _a202311
_bLúcia
_c55
_dLúcia Elande
942 _2AGRIS
_n0
_cANA
999 _c227054
_d227054